[Event "28th WSCC2018 - Open 65+"]
[Site "Bled"]
[Date "2018.11.19"]
[Round "2.57"]
[White "Karnaukh, Anatolij"]
[Black "Gromark, Per-Olof"]
[Result "1/2-1/2"]
[WhiteElo "2053"]
[BlackElo "1862"]
[PlyCount "120"]
[EventDate "2018.11.18"]

1. d4 d5 2. Nf3 Nf6 3. c4 e6 4. Nc3 Be7 5. Bg5 Nbd7 6. e3 h6 7. Bh4 O-O 8. cxd5
Nxd5 9. Bg3 Nxc3 10. bxc3 c5 11. Bd3 cxd4 12. cxd4 Qa5+ 13. Ke2 b6 14. Qb3 Ba6
15. Rhc1 Rac8 16. Bxa6 Qxa6+ 17. Qd3 Qb7 18. Kf1 Nf6 19. Nd2 Nd5 20. a3 Rxc1+
21. Rxc1 Rc8 22. Rxc8+ Qxc8 23. Qc4 Qb7 24. a4 a6 25. e4 b5 26. axb5 axb5 27.
Qc2 Nb4 28. Qc7 Qxc7 29. Bxc7 Kf8 30. Ke2 Ke8 31. Nb3 Kd7 32. Bf4 Kc6 33. g4 g5
34. Bc1 Na6 35. Bb2 Bd6 36. h3 Nb4 37. Bc3 Na2 38. Bd2 Nb4 39. f3 Kb6 40. Be3
Kc6 41. Bf2 Na6 42. h4 f6 43. h5 b4 44. Kd3 Kb5 45. Be3 Nb8 46. Bc1 Nc6 47. Bb2
Be7 48. Nd2 Na5 49. e5 fxe5 50. dxe5 Nb7 51. Nb3 Nc5+ 52. Nxc5 Kxc5 53. Bc1 Bf8
54. f4 gxf4 55. Bxf4 Bg7 56. g5 hxg5 57. Bxg5 Bxe5 58. Be7+ Kb5 59. h6 Bf4 60.
Bf8 Bxh6 1/2-1/2

[Event "28th WSCC2018 - Open 65+"]
[Site "Bled"]
[Date "2018.11.19"]
[Round "2.58"]
[White "Kerr, Grant"]
[Black "Ciuro Munoz, Ricardo"]
[Result "1/2-1/2"]
[WhiteElo "1850"]
[BlackElo "2014"]
[PlyCount "56"]
[EventDate "2018.11.18"]

1. b3 d5 2. Bb2 Nf6 3. e3 e6 4. f4 c5 5. Nf3 Nc6 6. Bb5 Bd7 7. O-O Be7 8. d3
O-O 9. Nbd2 Ng4 10. Qe2 Bf6 11. Bxf6 Nxf6 12. Bxc6 Bxc6 13. Ne5 Rc8 14. Nxc6
Rxc6 15. Nf3 Nd7 16. Qf2 f5 17. Rfe1 Qf6 18. c4 dxc4 19. dxc4 e5 20. Rad1 Rc7
21. Rd5 e4 22. Ne5 Nxe5 23. fxe5 Qe6 24. Red1 b6 25. Qf4 Re7 26. Rd6 Qxe5 27.
Qxe5 Rxe5 28. Rd7 Rf7 1/2-1/2

[Event "28th WSCC2018 - Open 65+"]
[Site "Bled"]
[Date "2018.11.19"]
[Round "2.59"]
[White "Patola, Eero"]
[Black "Melkeraen, Terje"]
[Result "1/2-1/2"]
[WhiteElo "1838"]
[BlackElo "2006"]
[PlyCount "49"]
[EventDate "2018.11.18"]

1. c4 e5 2. Nc3 Nf6 3. g3 d5 4. cxd5 Nxd5 5. Bg2 Nb6 6. Nf3 Nc6 7. O-O Be7 8.
a3 a5 9. Nb5 O-O 10. d4 exd4 11. Nbxd4 Nxd4 12. Qxd4 Qxd4 13. Nxd4 c6 14. Bf4
Bf6 15. e3 Nd5 16. Bxd5 cxd5 17. Rac1 Bh3 18. Rfd1 Rfc8 19. f3 h5 20. Kf2 Bd7
21. Rc7 Rxc7 22. Bxc7 a4 23. Rd2 Rc8 24. Ba5 Rc4 25. Bc3 1/2-1/2

[Event "28th WSCC2018 - Open 65+"]
[Site "Bled"]
[Date "2018.11.19"]
[Round "2.60"]
[White "Nickl, Klaus"]
[Black "Bergen, Klaus"]
[Result "1-0"]
[WhiteElo "2006"]
[BlackElo "1858"]
[PlyCount "73"]
[EventDate "2018.11.18"]

1. d4 Nf6 2. Bg5 d5 3. Nd2 g6 4. e3 Bg7 5. Ngf3 c5 6. c3 cxd4 7. exd4 O-O 8.
Be2 Nc6 9. O-O Qb6 10. Qb3 Qxb3 11. axb3 Bg4 12. h3 Bxf3 13. Bxf3 e6 14. b4 a6
15. Rfe1 Rfe8 16. Bf4 Nd7 17. Nb3 Rac8 18. Re2 f6 19. Rae1 Kf7 20. Nc5 Nxc5 21.
bxc5 Rcd8 22. Bd6 Bh6 23. b4 Bg7 24. g4 Rc8 25. Bg2 g5 26. Bf3 Ra8 27. Rb2 Bf8
28. Bg3 Red8 29. Rbe2 Re8 30. h4 h6 31. Bg2 Rad8 32. f4 gxf4 33. Bxf4 Bg7 34.
Bd6 Rc8 35. Bf3 h5 36. g5 fxg5 37. Bxh5+ 1-0

[Event "28th WSCC2018 - Open 65+"]
[Site "Bled"]
[Date "2018.11.19"]
[Round "2.61"]
[White "Rubinstein, Mark"]
[Black "Skok, Joze"]
[Result "0-1"]
[WhiteElo "1831"]
[BlackElo "2004"]
[PlyCount "50"]
[EventDate "2018.11.18"]

1. c4 Nf6 2. Nc3 d5 3. d4 g6 4. Bf4 Bg7 5. e3 O-O 6. Nxd5 Nxd5 7. cxd5 Qxd5 8.
Bxc7 Na6 9. Bg3 Bf5 10. a3 Rac8 11. Ne2 Qb5 12. b4 Rc2 13. Nc1 Qc6 14. Na2 Qd5
15. Nc1 Rfc8 16. f3 Bh6 17. Bf2 Qc6 18. Na2 Be6 19. b5 Qc7 20. bxa6 Bxa2 21.
Bd3 Qc3+ 22. Kf1 Rd2 23. axb7 Qxd3+ 24. Ke1 Rxd1+ 25. Rxd1 Qc3+ 0-1

[Event "28th WSCC2018 - Open 65+"]
[Site "Bled"]
[Date "2018.11.19"]
[Round "2.62"]
[White "Valenti, Giuseppe"]
[Black "Sevenyuk, Alexey"]
[Result "1-0"]
[WhiteElo "2003"]
[BlackElo "1839"]
[PlyCount "57"]
[EventDate "2018.11.18"]

1. e4 d5 2. exd5 Qxd5 3. Nc3 Qd8 4. d4 g6 5. Be3 Nh6 6. f3 Nf5 7. Bf2 Bg7 8.
Nge2 Nc6 9. d5 Ne5 10. Nd4 O-O 11. Be2 e6 12. f4 Ng4 13. Bxg4 Nxd4 14. Bxd4
Bxd4 15. Qxd4 Qh4+ 16. g3 Qxg4 17. Ne4 f5 18. Nf6+ Rxf6 19. Qxf6 Qf3 20. Qd8+
Kg7 21. Qxc7+ Kh6 22. Rf1 Qxd5 23. Rd1 Qe4+ 24. Kf2 b6 25. Rfe1 Qb4 26. b3 Ba6
27. Rd7 Rh8 28. Qe5 Qb5 29. Qg7+ 1-0

[Event "28th WSCC2018 - Open 65+"]
[Site "Bled"]
[Date "2018.11.19"]
[Round "2.63"]
[White "Finlay, Ian"]
[Black "Hewson, Brian W R"]
[Result "0-1"]
[WhiteElo "1808"]
[BlackElo "2000"]
[PlyCount "98"]
[EventDate "2018.11.18"]

1. Nf3 d5 2. g3 c6 3. Bg2 Bf5 4. d3 e6 5. Nbd2 Nf6 6. O-O Be7 7. Re1 h6 8. e4
dxe4 9. Nh4 Bg4 10. f3 exf3 11. Nhxf3 Nbd7 12. Nc4 Nd5 13. h3 Bxf3 14. Qxf3 O-O
15. c3 Bg5 16. d4 Bxc1 17. Raxc1 c5 18. dxc5 Nxc5 19. Rcd1 Qc7 20. Ne5 Nf6 21.
b4 Na4 22. Qxb7 Qxb7 23. Bxb7 Rab8 24. Bc6 Nxc3 25. Rd4 Rfd8 26. Rf4 Rd2 27.
Bf3 Rc8 28. Nc6 Nfd5 29. Rc4 Rc7 30. Bxd5 Nxd5 31. a3 Rd3 32. Kf2 Rxa3 33. Rec1
g6 34. b5 Kg7 35. Rb1 h5 36. Rc2 h4 37. gxh4 Rxh3 38. Rc4 Rh2+ 39. Kf3 Rh3+ 40.
Kf2 Nc3 41. Rbb4 Nd5 42. Rb1 Nb6 43. Re4 Rd7 44. Nd4 Nd5 45. Rg1 Nf6 46. Rf4 e5
47. Nf5+ Kf8 48. Rc4 gxf5 49. Rc8+ Ke7 0-1

[Event "28th WSCC2018 - Open 65+"]
[Site "Bled"]
[Date "2018.11.19"]
[Round "2.64"]
[White "Grahn, Lars"]
[Black "El Gheiadi, I."]
[Result "1-0"]
[WhiteElo "1999"]
[BlackElo "1831"]
[PlyCount "129"]
[EventDate "2018.11.18"]

1. d4 d5 2. Nf3 Nf6 3. c4 c6 4. e3 a6 5. b3 e6 6. Bd3 Bd6 7. O-O O-O 8. Nc3
Nbd7 9. Bb2 b5 10. cxd5 cxd5 11. Rc1 Bb7 12. Bb1 e5 13. dxe5 Nxe5 14. Nd4 g6
15. Qe2 Rc8 16. Rfd1 Qe7 17. a4 b4 18. Na2 Rfe8 19. Rxc8 Rxc8 20. Rc1 Rxc1+ 21.
Nxc1 Ne4 22. f3 Nc3 23. Bxc3 bxc3 24. Na2 Bb4 25. Bd3 Qd6 26. f4 Nd7 27. Qc2
Qc5 28. Nxb4 Qxb4 29. Ne2 Nc5 30. Nd4 Ne4 31. Bxe4 dxe4 32. h3 Bd5 33. Kh2 h5
34. Qd1 Qa3 35. Ne2 Bxb3 36. Qd8+ Kh7 37. Nxc3 Bxa4 38. Qf6 Be8 39. Nxe4 Qxe3
40. Qe5 Qa7 41. Ng5+ Kg8 42. Qxe8+ Kg7 43. Qa4 Qc7 44. Nf3 a5 45. Ne5 g5 46.
Qe4 Qc1 47. Nd3 Qd2 48. fxg5 Qxg5 49. h4 Qb5 50. Qd4+ Kg8 51. Nc5 Qb8+ 52. Kh3
Qc8+ 53. Kg3 Qf5 54. Kh2 Qc8 55. Qe5 Qg4 56. Qg3 f5 57. Qxg4+ fxg4 58. Kg3 Kf7
59. Kf4 Kf6 60. g3 Ke7 61. Kg5 Kd6 62. Nb7+ Kd5 63. Nxa5 Ke4 64. Kxh5 Kf3 65.
Nc4 1-0

[Event "28th WSCC2018 - Open 65+"]
[Site "Bled"]
[Date "2018.11.19"]
[Round "2.65"]
[White "Strand, Kjetil"]
[Black "Dalling, Peter"]
[Result "1-0"]
[WhiteElo "1995"]
[BlackElo "1811"]
[PlyCount "45"]
[EventDate "2018.11.18"]

1. e4 e5 2. Nf3 Nf6 3. d4 Nxe4 4. Bd3 d5 5. Nxe5 Bd6 6. O-O O-O 7. c4 c6 8. Nc3
Nxc3 9. bxc3 Qh4 10. f4 f5 11. Qb3 Bxe5 12. fxe5 dxc4 13. Bxc4+ Kh8 14. Ba3 Rd8
15. e6 Re8 16. Rxf5 Qe4 17. Raf1 Rg8 18. Rf8 h6 19. e7 Bd7 20. Rxg8+ Kh7 21.
Rd8 Bh3 22. Bg8+ Kg6 23. Qf7+ 1-0

[Event "28th WSCC2018 - Open 65+"]
[Site "Bled"]
[Date "2018.11.19"]
[Round "2.66"]
[White "Cordioli, Jairo Ribeiro"]
[Black "Krstic, Slobodan"]
[Result "1-0"]
[WhiteElo "1804"]
[BlackElo "1993"]
[PlyCount "120"]
[EventDate "2018.11.18"]

1. d4 Nf6 2. c4 g6 3. Nc3 Bg7 4. e4 d6 5. Be2 O-O 6. Nf3 Nc6 7. d5 Nb8 8. O-O
c5 9. h3 Na6 10. Bf4 Nh5 11. Bh2 Bh6 12. e5 Nf4 13. Ne4 Bf5 14. Ng3 Bd7 15. Re1
f5 16. Bf1 Nc7 17. e6 Be8 18. Ne2 Nxe2+ 19. Bxe2 b5 20. b3 g5 21. Qd2 f4 22.
Bd3 Bh5 23. Qc2 Qe8 24. Bxh7+ Kg7 25. Be4 Rf6 26. h4 g4 27. Ng5 Bg6 28. Kf1
Bxe4 29. Nxe4 Qg6 30. f3 g3 31. Bg1 Rf5 32. Qc3+ Kh7 33. Qa5 Rc8 34. Qxa7 Bg7
35. Rad1 Qe8 36. Qb7 Kg6 37. Bxc5 dxc5 38. d6 Rf8 39. d7 Qd8 40. dxc8=Q Qxc8
41. Qxc8 Rxc8 42. Nxc5 bxc4 43. bxc4 Ne8 44. Rd5 Bf6 45. Re4 Rb8 46. Rxf4 Bc3
47. Nd3 Nf6 48. Rg5+ Kh6 49. Rb5 Ra8 50. Rb7 Rxa2 51. Rxe7 Ra1+ 52. Ke2 Ra2+
53. Ke3 Rxg2 54. Rxf6+ Bxf6 55. Rf7 Bxh4 56. e7 Bxe7 57. Rxe7 Rc2 58. Ne5 g2
59. Ng4+ Kg5 60. Rg7+ Kh4 1-0

[Event "28th WSCC2018 - Open 65+"]
[Site "Bled"]
[Date "2018.11.19"]
[Round "2.67"]
[White "Sand, Rolf"]
[Black "Turegano Moratalla, Santiago"]
[Result "1/2-1/2"]
[WhiteElo "1989"]
[BlackElo "1808"]
[PlyCount "70"]
[EventDate "2018.11.18"]

1. c4 e5 2. g3 Nf6 3. Bg2 Nc6 4. Nc3 Bc5 5. Nf3 d6 6. O-O O-O 7. d3 h6 8. e3 a6
9. a3 Be6 10. b4 Ba7 11. Bb2 Qd7 12. Re1 Rab8 13. Qc2 b5 14. Nd2 Bf5 15. Nce4
Nxe4 16. Nxe4 Ne7 17. Rac1 Rbc8 18. Qc3 f6 19. Nd2 c6 20. Nb3 Rfd8 21. e4 Be6
22. Nd2 Bd4 23. Qc2 Bxb2 24. Qxb2 c5 25. Bf1 Rb8 26. Qc3 Rdc8 27. bxc5 dxc5 28.
cxb5 axb5 29. Nb3 Qa7 30. Nxc5 Rc7 31. Qb4 Nc6 32. Qb2 Bg4 33. Nb3 b4 34. axb4
Rxb4 35. Qc3 Rbb7 1/2-1/2

[Event "28th WSCC2018 - Open 65+"]
[Site "Bled"]
[Date "2018.11.19"]
[Round "2.68"]
[White "Bobbia, Mario"]
[Black "Svensson, Soren"]
[Result "1/2-1/2"]
[WhiteElo "1790"]
[BlackElo "1987"]
[PlyCount "82"]
[EventDate "2018.11.18"]

1. e4 e5 2. Nf3 Nc6 3. Bb5 a6 4. Ba4 Nf6 5. O-O Be7 6. Re1 b5 7. Bb3 d6 8. c3
O-O 9. h3 Bb7 10. d4 Re8 11. Nbd2 Bf8 12. Bc2 g6 13. d5 Nb8 14. b3 c6 15. c4
Nbd7 16. Nf1 Qc7 17. Be3 b4 18. Rc1 Rac8 19. Qd2 a5 20. Ng3 c5 21. Bh6 Kh8 22.
Nh2 Bxh6 23. Qxh6 Qd8 24. Qg5 Ng8 25. Qxd8 Rcxd8 26. Rf1 Bc8 27. f4 f6 28. f5
Kg7 29. Ne2 g5 30. g4 Nb6 31. Nf3 Bd7 32. a3 Ra8 33. axb4 axb4 34. Ra1 Rxa1 35.
Rxa1 Ra8 36. Rxa8 Nxa8 37. Kg2 Be8 38. Ng3 Nb6 39. Nd2 Nd7 40. Ndf1 Nf8 41. Bd1
Bf7 1/2-1/2

[Event "28th WSCC2018 - Open 65+"]
[Site "Bled"]
[Date "2018.11.19"]
[Round "2.69"]
[White "Keogh, Eamon"]
[Black "Bjorgvik, Jan Arne"]
[Result "1/2-1/2"]
[WhiteElo "1982"]
[BlackElo "1777"]
[Annotator "uporabnik"]
[PlyCount "110"]
[EventDate "2018.11.18"]

1. e4 c6 2. f4 e5 3. Nf3 d6 4. Bc4 Bg4 5. fxe5 Qe7 6. d4 dxe5 7. O-O f6 8. Be3
Nd7 9. d5 Qb4 10. dxc6 bxc6 11. Bf7+ Kxf7 12. Ng5+ Ke8 13. Qxg4 fxg5 14. Qe6+
Ne7 15. Nc3 Nf6 16. Rad1 h6 17. Qxe5 Rd8 18. Bc5 Qb7 19. Rxd8+ Kxd8 20. Qe6 Ke8
21. e5 Qd7 22. Qb3 Nfd5 23. Ne4 Nc8 24. Qb8 Bxc5+ 25. Nxc5 Qc7 26. Qb3 Qb6 27.
Qxb6 axb6 28. Ne6 g6 29. c4 Ne3 30. Rc1 Ke7 31. Nd4 c5 32. Nf3 Rd8 33. Kf2 Nd1+
34. Kg3 Nxb2 35. h4 gxh4+ 36. Nxh4 Ke6 37. Rf1 Nxc4 38. Nxg6 Rg8 39. Rf6+ Kd5
40. Kf4 Re8 41. g4 Re6 42. Nf8 Rxf6+ 43. exf6 N4d6 44. g5 hxg5+ 45. Kxg5 c4 46.
Kf4 b5 47. Ke3 Ke5 48. Nh7 Ke6 49. Kd4 b4 50. Ng5+ Kxf6 51. Ne4+ Nxe4 52. Kxc4
Ke6 53. Kxb4 Kd6 54. Kc4 Nc5 55. a4 Na6 1/2-1/2

[Event "28th WSCC2018 - Open 65+"]
[Site "Bled"]
[Date "2018.11.19"]
[Round "2.70"]
[White "Koskinen, Veikko"]
[Black "Cicek, Cemil"]
[Result "0-1"]
[WhiteElo "1978"]
[BlackElo "1775"]
[PlyCount "108"]
[EventDate "2018.11.18"]

1. e4 e5 2. Nf3 Nc6 3. Nc3 Nf6 4. h3 Bc5 5. Nxe5 Bxf2+ 6. Kxf2 Nxe5 7. d4 Ng6
8. e5 Ng8 9. Bc4 N8e7 10. h4 d5 11. exd6 Qxd6 12. Ne4 Qb6 13. c3 Ne5 14. Be2 f5
15. Nc5 Ng4+ 16. Kg1 Qd6 17. Rh3 O-O 18. Bf3 c6 19. Nxb7 Bxb7 20. Qb3+ Nd5 21.
Qxb7 Rfc8 22. Bg5 h6 23. Bd2 Rcb8 24. Qa6 Rxb2 25. Qd3 Rf8 26. Rf1 Rxa2 27. c4
Nb4 28. Bxb4 Qxb4 29. Bxc6 Rd2 30. Bd5+ Kh7 31. Qb1 Qxb1 32. Rxb1 Rxd4 33. Rf1
Kg6 34. Ra3 Kh5 35. g3 g6 36. Rxa7 Rd3 37. Bf3 Rc3 38. Ra4 Rc8 39. c5 R8xc5 40.
Bxg4+ fxg4 41. Kg2 Rd5 42. Rff4 Rd2+ 43. Rf2 Rdd3 44. Ra5+ g5 45. hxg5 Rxg3+
46. Kf1 hxg5 47. Raa2 Rh3 48. Rad2 g3 49. Rg2 Kh4 50. Ra2 Rc1+ 51. Ke2 Rh2 52.
Kf3 Rf1+ 53. Ke3 Rxg2 54. Rxg2 Kh3 0-1

[Event "28th WSCC2018 - Open 65+"]
[Site "Bled"]
[Date "2018.11.19"]
[Round "2.71"]
[White "Wibe, Per H"]
[Black "Nilsson, Weine"]
[Result "0-1"]
[WhiteElo "1752"]
[BlackElo "1976"]
[PlyCount "82"]
[EventDate "2018.11.18"]

1. d4 Nf6 2. Bf4 g6 3. Nf3 Bg7 4. e3 O-O 5. Nbd2 d6 6. h3 b6 7. c3 Bb7 8. Be2
a5 9. Qc2 Nfd7 10. e4 e5 11. Bg5 f6 12. Bh4 Qe8 13. O-O Na6 14. Bd3 Rc8 15. Nc4
exd4 16. cxd4 Nb4 17. Qb3 Qf7 18. Bb1 d5 19. Ncd2 Rfe8 20. Re1 c5 21. Qd1 cxd4
22. a3 Na6 23. Nxd4 Ndc5 24. Nb5 Qd7 25. a4 dxe4 26. Bg3 Bf8 27. Nc4 Qe6 28.
Ncd6 Bd5 29. Nxe8 Rxe8 30. Nd4 Qf7 31. Bf4 Nb4 32. Bc2 Nbd3 33. Bxd3 Nxd3 34.
Re2 Nxf4 35. Re3 Nd3 36. b3 Bc5 37. Rxd3 exd3 38. Qxd3 Qb7 39. f3 Qd7 40. Rd1
Rd8 41. Kh1 Bf7 0-1

[Event "28th WSCC2018 - Open 65+"]
[Site "Bled"]
[Date "2018.11.19"]
[Round "2.72"]
[White "Andreas, Guenter"]
[Black "Florjancic, Rudolf"]
[Result "1/2-1/2"]
[WhiteElo "1967"]
[BlackElo "1761"]
[PlyCount "58"]
[EventDate "2018.11.18"]

1. e4 c5 2. Nf3 d6 3. Bb5+ Bd7 4. Bxd7+ Nxd7 5. d4 cxd4 6. Nxd4 Ngf6 7. Nc3 a6
8. O-O g6 9. Be3 Bg7 10. f3 O-O 11. Qd2 Ne5 12. b3 Rc8 13. a4 e6 14. Nde2 Qc7
15. Rac1 Rfd8 16. Rfd1 d5 17. exd5 Nxd5 18. Nxd5 Rxd5 19. Qe1 Rcd8 20. Rxd5
Rxd5 21. Nf4 Rd7 22. Qe2 Qc3 23. g3 h5 24. Ng2 Nc6 25. Rd1 Bd4 26. Kf1 e5 27.
Rd3 Qa1+ 28. Rd1 Qc3 29. Rd3 Qa1+ 1/2-1/2

[Event "28th WSCC2018 - Open 65+"]
[Site "Bled"]
[Date "2018.11.19"]
[Round "2.73"]
[White "Haupt, Joachim"]
[Black "Idesis, Yaacov"]
[Result "1/2-1/2"]
[WhiteElo "1748"]
[BlackElo "1967"]
[PlyCount "53"]
[EventDate "2018.11.18"]

1. Nf3 Nf6 2. c4 c6 3. Nc3 d5 4. cxd5 cxd5 5. g3 Nc6 6. d4 a6 7. Bg2 e6 8. a4
Bb4 9. O-O O-O 10. Bd2 Re8 11. Na2 Bxd2 12. Qxd2 Ne4 13. Qd3 Qe7 14. Nd2 Nxd2
15. Qxd2 Qd6 16. Rfc1 Bd7 17. Rc2 h6 18. Rac1 a5 19. b3 Rec8 20. Rc5 b6 21.
R5c2 Rab8 22. e3 b5 23. Bf1 bxa4 24. bxa4 Nb4 25. Rxc8+ Rxc8 26. Rxc8+ Bxc8 27.
Nc3 1/2-1/2

[Event "28th WSCC2018 - Open 65+"]
[Site "Bled"]
[Date "2018.11.19"]
[Round "2.74"]
[White "Ilic, Slobodan S"]
[Black "Frick, Christoph"]
[Result "0-1"]
[WhiteElo "2026"]
[BlackElo "2186"]
[PlyCount "62"]
[EventDate "2018.11.18"]

1. c4 c6 2. Nf3 Nf6 3. g3 d5 4. b3 Bf5 5. Ba3 Nbd7 6. Bg2 e5 7. Bxf8 Kxf8 8. d3
Qe7 9. Nbd2 d4 10. O-O h6 11. b4 g5 12. Ne1 Kg7 13. Ndf3 Rhd8 14. Qc1 Nf8 15.
Qb2 Ng6 16. h3 Rac8 17. a4 Qd7 18. Kh2 Kh7 19. Rd1 g4 20. hxg4 Nxg4+ 21. Kg1 f6
22. Nh2 h5 23. Nxg4 Bxg4 24. f3 Bf5 25. Kf2 Kg7 26. Rg1 Kf7 27. Bf1 h4 28. gxh4
Rh8 29. c5 Rxh4 30. Ng2 Rh2 31. Ke1 Rg8 0-1

[Event "28th WSCC2018 - Open 65+"]
[Site "Bled"]
[Date "2018.11.19"]
[Round "2.75"]
[White "Henrichsen, Erland"]
[Black "Freeke, Kees"]
[Result "1-0"]
[WhiteElo "1962"]
[BlackElo "1750"]
[PlyCount "79"]
[EventDate "2018.11.18"]

1. e4 e5 2. Nf3 Nc6 3. Bc4 Nf6 4. d3 Be7 5. h3 O-O 6. Nc3 d6 7. a4 Be6 8. Bxe6
fxe6 9. O-O Nd4 10. Nxd4 exd4 11. Ne2 e5 12. c3 dxc3 13. bxc3 Kh8 14. Ng3 Nd7
15. Nf5 g6 16. Ng3 Bg5 17. Bb2 Qe7 18. d4 Qe6 19. Ne2 Kg8 20. Qc2 c5 21. dxe5
dxe5 22. Rad1 Rad8 23. Ba3 b6 24. Rd3 Nb8 25. Rfd1 Nc6 26. Rd5 Na5 27. Qd3 Rxd5
28. exd5 Qd6 29. Ng3 Bd8 30. Ne4 Qd7 31. d6 Qxa4 32. Qd5+ Kg7 33. Bc1 Qc4 34.
Qxe5+ Bf6 35. Nxf6 Rxf6 36. Bh6+ Kxh6 37. Qxf6 Qb3 38. Qf8+ Kh5 39. g4+ Kh4 40.
Qh6# 1-0

[Event "28th WSCC2018 - Open 65+"]
[Site "Bled"]
[Date "2018.11.19"]
[Round "2.77"]
[White "Zilbershtein, Victor"]
[Black "Holzmann, Herbert"]
[Result "1/2-1/2"]
[WhiteElo "1717"]
[BlackElo "1955"]
[PlyCount "55"]
[EventDate "2018.11.18"]

1. d4 Nf6 2. Nf3 g6 3. e3 Bg7 4. Bd3 d6 5. h3 Nc6 6. c3 e5 7. e4 O-O 8. Nbd2
exd4 9. cxd4 Re8 10. O-O Bd7 11. Re1 a5 12. Bc4 d5 13. exd5 Rxe1+ 14. Qxe1 Nb4
15. Qf1 Nbxd5 16. Ne5 Be6 17. Ndf3 h6 18. Qe2 Qd6 19. Bd2 b6 20. Re1 Re8 21.
Bb5 Bd7 22. Bxd7 Nxd7 23. Qb5 Re7 24. Nc6 Rxe1+ 25. Nxe1 Ne7 26. Nxe7+ Qxe7 27.
Nf3 Qd6 28. Bc3 1/2-1/2

[Event "28th WSCC2018 - Open 65+"]
[Site "Bled"]
[Date "2018.11.19"]
[Round "2.78"]
[White "Ramusch, Arnulf"]
[Black "Nielsen, Peter"]
[Result "1-0"]
[WhiteElo "1954"]
[BlackElo "1687"]
[PlyCount "57"]
[EventDate "2018.11.18"]

1. d4 f5 2. Nc3 d5 3. Bf4 a6 4. Nf3 Nf6 5. e3 e6 6. a3 Bd6 7. Ne5 O-O 8. Be2
Ne4 9. h4 Nd7 10. Nxe4 fxe4 11. Qd2 Bxe5 12. dxe5 Qe7 13. O-O-O c5 14. f3 exf3
15. gxf3 b5 16. Rdg1 Rf7 17. Bg5 Qf8 18. f4 Nb6 19. Bh5 g6 20. Qg2 Nc4 21. Rh3
Kh8 22. Be2 Bb7 23. h5 gxh5 24. Bxh5 d4 25. Bxf7 Bxg2 26. Bf6+ Qg7 27. Rxg2
Qxf6 28. exf6 dxe3 29. Rxh7+ 1-0

[Event "28th WSCC2018 - Open 65+"]
[Site "Bled"]
[Date "2018.11.19"]
[Round "2.79"]
[White "Lotsov Har-Zahav, Avraham"]
[Black "Choong, Liong-On Mark"]
[Result "1-0"]
[WhiteElo "1700"]
[BlackElo "1932"]
[PlyCount "67"]
[EventDate "2018.11.18"]

1. e4 c5 2. a3 e6 3. Nf3 Nc6 4. b4 Qc7 5. b5 Nd4 6. Nxd4 cxd4 7. Bb2 Nf6 8. Bd3
Bc5 9. O-O b6 10. c3 dxc3 11. Nxc3 h5 12. Rc1 Ng4 13. g3 Nxh2 14. Kxh2 h4 15.
f4 Qd6 16. Qe2 Qe7 17. Qg4 Bb7 18. e5 Bd4 19. Nd5 Bxd5 20. Bxd4 Qxa3 21. Rc3
Qb4 22. f5 a5 23. Rf4 exf5 24. Qxg7 hxg3+ 25. Kxg3 Qf8 26. Qxf8+ Rxf8 27. Bxb6
a4 28. Bc5 Rg8+ 29. Kf2 Rg2+ 30. Ke3 a3 31. Rxa3 Rxa3 32. Bxa3 Kd8 33. b6 Kc8
34. Ba6+ 1-0

[Event "28th WSCC2018 - Open 65+"]
[Site "Bled"]
[Date "2018.11.19"]
[Round "2.80"]
[White "Shaw, Robin A"]
[Black "Bhopal, Raj"]
[Result "0-1"]
[WhiteElo "1673"]
[BlackElo "1929"]
[PlyCount "156"]
[EventDate "2018.11.18"]

1. e4 c5 2. d4 cxd4 3. c3 Nf6 4. e5 Nd5 5. Qxd4 e6 6. Bb5 a6 7. Ba4 b5 8. Bb3
Nc6 9. Qe4 Nb6 10. Nf3 Bb7 11. Qe2 d6 12. O-O Qc7 13. exd6 Bxd6 14. Rd1 O-O 15.
Ng5 Rae8 16. Nxh7 Bxh2+ 17. Kh1 Kxh7 18. Qh5+ Kg8 19. Qxh2 Qxh2+ 20. Kxh2 Rd8
21. Bg5 Rxd1 22. Bxd1 Ne5 23. Be2 Nd5 24. Na3 f6 25. Bd2 Rc8 26. Re1 Kf7 27. f4
Rh8+ 28. Kg3 Ng6 29. Nc2 Nde7 30. Bg4 Nf5+ 31. Kf2 Rh4 32. Bf3 Bxf3 33. Kxf3
Rh2 34. Rg1 e5 35. Ne3 Ngh4+ 36. Kf2 Nxe3 37. Bxe3 Nf5 38. Bc1 Nd6 39. fxe5
fxe5 40. Re1 Rh5 41. b3 Ke6 42. Re2 Kf5 43. Kf3 Rh1 44. g4+ Ke6 45. Be3 Rd1 46.
Rc2 Rh1 47. Re2 g6 48. Rg2 Rh3+ 49. Ke2 Kd5 50. Kd3 Rf3 51. Rd2 Rg3 52. Ke2+
Ke6 53. g5 Nf5 54. Bf2 Rxc3 55. Kd1 Rc6 56. Ke2 Rd6 57. Rc2 Nd4+ 58. Bxd4 exd4
59. Kd3 Kf5 60. Rc5+ Kf4 61. b4 Kg4 62. Re5 Kf4 63. Rc5 Kg3 64. Re5 Kg4 65.
Re4+ Kxg5 66. Rxd4 Rxd4+ 67. Kxd4 Kf4 68. Kc5 g5 69. Kb6 g4 70. Kxa6 g3 71.
Kxb5 g2 72. a4 g1=Q 73. a5 Ke5 74. Ka6 Kd6 75. b5 Kc7 76. b6+ Kb8 77. Kb5 Qf1+
78. Kb4 Kb7 0-1

[Event "28th WSCC2018 - Open 65+"]
[Site "Bled"]
[Date "2018.11.19"]
[Round "2.81"]
[White "Brouwer, Willem"]
[Black "James, Kevin"]
[Result "0-1"]
[WhiteElo "1608"]
[BlackElo "1929"]
[PlyCount "121"]
[EventDate "2018.11.18"]

1. d4 g6 2. Bf4 Bg7 3. e3 Nf6 4. Nf3 d6 5. Be2 O-O 6. O-O b6 7. h3 Bb7 8. a4
Nbd7 9. Bh2 c5 10. c3 Ne4 11. Qb3 Qc8 12. Rd1 Ba6 13. Bxa6 Qxa6 14. Nbd2 Ndf6
15. Qb5 Qb7 16. a5 Nxd2 17. Nxd2 cxd4 18. a6 Qd5 19. Qxd5 Nxd5 20. exd4 Rac8
21. Nf3 Rc7 22. Ne1 Rfc8 23. Nd3 Kf8 24. Nf4 Nf6 25. f3 Rc4 26. Bg3 R8c6 27.
Nd3 Nd5 28. Be1 Rc8 29. Kf2 Ke8 30. Bd2 e6 31. Ra3 b5 32. Kf1 b4 33. Nxb4 Nxb4
34. cxb4 Bxd4 35. Rb3 Rc2 36. Be1 e5 37. Rb1 Kd7 38. b5 Rb8 39. Rd1 Rc5 40. Bc3
Bxc3 41. bxc3 Rcxb5 42. Ra3 Kc6 43. c4 Rc5 44. Ra4 Rb2 45. Rc1 Kb6 46. Rd1 Kc7
47. Rc1 f5 48. h4 f4 49. Kg1 h6 50. Kh2 d5 51. Re1 dxc4 52. Rc1 c3 53. Kh3 h5
54. g3 fxg3 55. Kxg3 c2 56. Raa1 Rc3 57. Kf2 Rbb3 58. Ra2 Rxf3+ 59. Ke2 Rfc3
60. Rcxc2 Rxc2+ 61. Rxc2+ 0-1

[Event "28th WSCC2018 - Open 65+"]
[Site "Bled"]
[Date "2018.11.19"]
[Round "2.82"]
[White "Green, Per"]
[Black "Degtiarev, Viktor"]
[Result "1/2-1/2"]
[WhiteElo "1919"]
[BlackElo "1676"]
[PlyCount "118"]
[EventDate "2018.11.18"]

1. Nf3 d5 2. c4 c6 3. Qc2 Nf6 4. d4 g6 5. Bf4 Bf5 6. Qb3 Qb6 7. Nbd2 Nbd7 8. g3
Bg7 9. Bg2 O-O 10. O-O Rfe8 11. Rac1 Nh5 12. Be3 dxc4 13. Nxc4 Qxb3 14. axb3 b6
15. Nh4 Rac8 16. Nxf5 gxf5 17. Bh3 Red8 18. Bxf5 Nhf6 19. Ne5 e6 20. Nxd7 Rxd7
21. Bh3 Nd5 22. Bg2 Nxe3 23. fxe3 c5 24. Rc2 Rdc7 25. Rfc1 Bf8 26. Be4 Bd6 27.
Bd3 cxd4 28. Rxc7 Rxc7 29. Rxc7 Bxc7 30. exd4 Bd6 31. Kf2 h6 32. e4 Kf8 33. Kf3
Bb4 34. Ke2 Ke7 35. Bc4 f6 36. g4 Bd6 37. h3 Bf4 38. Kd3 Bc1 39. Kc3 Be3 40. b4
e5 41. d5 Bd4+ 42. Kc2 Kd6 43. b3 Bf2 44. Kd2 Bd4 45. Ke2 Bb2 46. Kd2 Bd4 47.
Ba6 Bf2 48. Kc3 Be1+ 49. Kc4 Bd2 50. Kb5 Be1 51. Bc8 a5 52. Kxb6 Bxb4 53. Bf5
Be1 54. Bg6 Bd2 55. h4 Be1 56. Bf5 Bd2 57. Be6 Be1 58. Bc8 Bd2 59. h5 Be1
1/2-1/2

[Event "28th WSCC2018 - Open 65+"]
[Site "Bled"]
[Date "2018.11.19"]
[Round "2.83"]
[White "Bratteteig, Tore-Inge"]
[Black "Marshall, Michael"]
[Result "0-1"]
[WhiteElo "1592"]
[BlackElo "1916"]
[PlyCount "48"]
[EventDate "2018.11.18"]

1. Nf3 c5 2. c4 Nc6 3. Nc3 g6 4. g3 Bg7 5. Bg2 e5 6. d3 Nge7 7. O-O d6 8. Rb1
O-O 9. a3 a5 10. Bd2 h6 11. b3 Be6 12. e4 Kh7 13. Nd5 Rb8 14. b4 axb4 15. axb4
b6 16. bxc5 bxc5 17. Rxb8 Qxb8 18. Qb1 Qa7 19. Qa1 Ra8 20. Qxa7 Rxa7 21. Bc3
Bxd5 22. cxd5 Nd4 23. Nxd4 exd4 24. Ra1 dxc3 0-1

[Event "28th WSCC2018 - Open 65+"]
[Site "Bled"]
[Date "2018.11.19"]
[Round "2.84"]
[White "Gibbons, Robert"]
[Black "Booth, Anthony"]
[Result "1-0"]
[WhiteElo "1914"]
[BlackElo "1648"]
[PlyCount "61"]
[EventDate "2018.11.18"]

1. Nf3 d5 2. d4 Nf6 3. g3 e6 4. Bg2 c5 5. e3 Bd7 6. O-O Nc6 7. Ne5 Nxe5 8. dxe5
Bb5 9. exf6 Bxf1 10. fxg7 Bxg7 11. Bxf1 Qb6 12. c3 O-O-O 13. Nd2 c4 14. Qc2 Qc5
15. Nf3 h5 16. e4 Kb8 17. Be3 Qc6 18. exd5 Qxd5 19. Be2 Qa5 20. Bxc4 Rd7 21.
Rd1 Rxd1+ 22. Qxd1 Rd8 23. Qb3 Qf5 24. Kg2 Qe4 25. Be2 Bf6 26. Qc4 Qg6 27. h4
Rc8 28. Bf4+ e5 29. Nxe5 Rxc4 30. Nxg6+ Rxf4 31. Nxf4 1-0